Naomi Scott Filmography - Statistics

General Stats
  • This quiz has been taken 23 times
    4 since last reset
  • The average score is 8 of 23
Answer Stats
Type Year Name % Correct
Film 2019 Aladdin
75%
TV Film 2011 Lemonade Mouth
75%
Film 2017 Power Rangers
75%
Film 2024 Smile 2
75%
Film 2019 Charlie's Angels
50%
Web Mini-Series 2022 Anatomy of a Scandal
25%
Commercial 2020 Bulgari
25%
TV Mini-Series 2013 By Any Means
25%
Film 2025 Eternal Return
25%
Director 2019 Forget You
25%
Short Film 2014 Hello, Again
25%
TV Show 2015 Inspector Lewis
25%
Short Film 2020 In Vitro
25%
TV Show 2009 Life Bites
25%
Film 2024 Long Distance
25%
Short Film 2012 Modern/Love
25%
Web Series 2022 Modern Love Tokyo
25%
Short Film 2013 Our Lady of Lourdes
25%
Podcast 2021 Soft Voice
25%
TV Show 2011 Terra Nova
25%
Film 2015 The 33
25%
Film TBA Wizards!
25%
TV Show 2019 Wheel of Fortune
0%
No matching quizzes found
Score Distribution
Percent of People with Each Score
Percentile by Number Answered
Your Score History
You have not taken this quiz since the last reset